000 01241cam a2200277 4500
001 ABS68010
008 040721n2004 000 0 eng u
035 _a(Sirsi) u126879
245 _aSpecial report: roadside
260 _c2004
490 _aProperty Week
_v69(26) 25 June 2004, 55-64(6)
520 _aThe first article "Fuel for thought" examines how petrol stations could be the next untapped opportunity for mixed-use developers. Petrol stations could become more user-friendly with enclosed forecourts, better shops and even flats above the stations. "Back on the road again" reports on property investor Robert Tchenguiz's purchase of nine Welcome Break service stations which has saved the operator from financial ruin. "The inn crowd" reports on how the budget hotels market is to undergo an image overhaul and expand into city centres.
590 _aABS
590 _aABS
650 _aPETROL STATION FORECOURTS
650 _aMIXED-USE DEVELOPMENTS
650 _aWELCOME BREAK
650 _aSERVICE STATIONS
650 _aMOTORIST SERVICE AREAS
650 _aBUDGET HOTELS
650 _aEXPANSION
650 _aDEVELOPMENT
650 _aCITY CENTRES
690 _aCOMMERCIAL PROPERTY-MARKET
942 _n0
999 _c117739
_d117739